000 00917nam a22002537a 4500
999 _c34083
_d34083
001 3415
003 CO-MdFUSB
005 20180622073136.0
008 171127t2001 sp ||||| |||| 00| 0 spa d
020 _a84-8267-150-2
040 _aCO-MdFUSB
_bspa
_cCO-MdFUSB
_dCO-MdFUSBC
_erda
041 0 _aspa
_heng
082 0 4 _aG 226.6 G6525d
100 1 _aGooding, David W. (Willoughby)
_eautor
245 1 4 _aUna Definición del Cristianismo para el siglo XXI
_b: Un estudio basado en los Hechos de los Apóstoles
_c / David Gooding, John Lennox ; Elena Flores Sanz, Traductor
264 4 _aTerrassa, España :
_b CLIE,
_c©2001
300 _a87 Pag
336 _2rdacontent
_atexto
_btxt
337 _2rdamedia
_asin mediación
_bn
338 _2rdacarrier
_avolumen
_bnc
500 _aTítulo original : The definition of Christianity
653 _aInterpretación de la Biblia N.T - Hechos de los apóstoles
942 _cBK